000
00333nam a22001457a 4500
008
221007b ||||| |||| 00| 0 eng d
020
_a
978141605489
041
_a
eng
080
_2
sixth edition
_a
610.73
082
_a
610.73 BUR
100
_a
9
101
_a
INF
245
_a
THE PRACTICE OF NURSING
_c
BURNS N
942
_2
udc
_c
BK
999
_c
58404
_d
58404